Start-up of Pilot-scale Partial Nitritation Treating Anaerobically Pretreated Municipal Wastewater diploma thesis
Na minha lista:
| Autor principal: | |
|---|---|
| Formato: | Livro |
| Idioma: | inglês |
| Publicado em: |
Bratislava
STU FCHPT
2018
|
| Acesso em linha: | View in OPAC |
| Tags: |
Sem tags, seja o primeiro a adicionar uma tag!
|
MARC
| LEADER | 00000nam a2200000 a 4500 | ||
|---|---|---|---|
| 005 | 20260127134315.0 | ||
| 008 | 180712 2018 xo a 001 0 eng d | ||
| 035 | |a vtls011766573 | ||
| 039 | 9 | |a 201807121243 |b mschk03 |y 201807121242 |z mschk03 | |
| 040 | |a STUSCHK1 |b slo |c STUSCHK1 |e AACR2 | ||
| 100 | 1 | |a Ngoc, Cao Thanh Hong | |
| 245 | 1 | |a Start-up of Pilot-scale Partial Nitritation Treating Anaerobically Pretreated Municipal Wastewater |b diploma thesis |c Ngoc Cao Thanh Hong | |
| 260 | |a Bratislava |b STU FCHPT |c 2018 | ||
| 300 | |a 63 s. |b il. |c 25 cm | ||
| 500 | |a Study programme: Environmental Protection Technologies | ||
| 500 | |a Study field: Chemical Technologies | ||
| 500 | |a Workplace: Department of Environmental Engineering | ||
| 500 | |a Reg.No.: FCHPT-100568-61134 | ||
| 910 | |a SCHK95 | ||
| 999 | |c 9397 |d 9397 | ||